LIBRARY & INFORMATION CENTRE, KCAET, TAVANUR

ONLINE PUBLIC ACCESS CATALOGUE (OPAC)

Normal view MARC view
  • Soule, James .

Entry Personal Name

Number of records used in: 1

001 - CONTROL NUMBER

  • control field: 1468

003 - CONTROL NUMBER IDENTIFIER

  • control field: OSt

005 - DATE AND TIME OF LATEST TRANSACTION

  • control field: 20160923154511.0

008 - FIXED-LENGTH DATA ELEMENTS

  • fixed length control field: 160923|| aca||aabn | a|a d

040 ## - CATALOGING SOURCE

  • Original cataloging agency: OSt
  • Transcribing agency: OSt

100 ## - HEADING--PERSONAL NAME

  • Personal name: Soule, James .

670 ## - SOURCE DATA FOUND

  • Source citation: Work cat.: (OSt)10881: Soule, James ., Glossary for Horticultural Crops / , 1985.
free website counter